000 00501nam a22001817a 4500
999 _c190632
_d190632
005 20220914142435.0
010 _aENG-134123
020 _a9788177354469
_c30.00
035 _aEN-117655
037 _bDBAB/PUB
082 _a579.1757
100 _aKamala, A.
245 _aSeed vs Fungi/
_cA. Kamala
260 _aChennai
_bPavai Publications
_c2007
270 _a# 142, J.J.K. Road, Royapettah
_bChennai
_e600014
300 _a49p.
_c21cm(pbk)
942 _2ddc
_cEN
_h579.1757
_mKAM